Price adjustment formulae for construction contracts (Record no. 118876)

MARC details
000 -LEADER
fixed length control field 02437cam a22003255a 4500
001 - CONTROL NUMBER
control field E136704
008 - FIXED-LENGTH DATA ELEMENTS--GENERAL INFORMATION
fixed length control field 070216c2007 xxkmr m ss f000 0 eng d
022 1# - INTERNATIONAL STANDARD SERIAL NUMBER
International Standard Serial Number 0964-4575
035 ## - SYSTEM CONTROL NUMBER
System control number (Sirsi) u136704
041 0# - LANGUAGE CODE
Language code of text/sound track or separate title eng
050 04 - LIBRARY OF CONGRESS CALL NUMBER
Classification number 692.80212 $2 18
110 1# - MAIN ENTRY--CORPORATE NAME
Corporate name or jurisdiction name as entry element United Kingdom
Subordinate unit Department of Trade and Industry
245 00 - TITLE STATEMENT
Title Price adjustment formulae for construction contracts
Remainder of title monthly bulletin of indices
-- January - October 2007
260 ## - PUBLICATION, DISTRIBUTION, ETC.
Place of publication, distribution, etc. London
Name of publisher, distributor, etc. Stationery Office
Date of publication, distribution, etc. 2007-
300 ## - PHYSICAL DESCRIPTION
Extent 4
Type of unit pt.
Dimensions 30cm.
350 ## - PRICE (NR) (BK AM CF MU VM SE) [OBSOLETE]
Price 136
362 0# - DATES OF PUBLICATION AND/OR SEQUENTIAL DESIGNATION
Dates of publication and/or sequential designation January 2007-
490 #0 - SERIES STATEMENT
Series statement DTI Monthly Bulletin of Indices
Volume/sequential designation January 2007-
505 2# - FORMATTED CONTENTS NOTE
Formatted contents note Series 3 - Building and specialist engineering formulae indices and 1990 series civil engineering formula indices and 1990 series structural steelwork formula indicies : work category indices (3/01 to 3/60); scaffolding indices (labour and materials); plant index; labour indices (building and plumbing); electrical installations indices (E1 and E2); mechanical installations indicies (H1 to H4); lift installation indicies (L1 to L4); catering equipment indices (C1 to C4); civil engineering formula indices (1 to 15); structural steelwork formula indices (S1 to S3).
505 2# - FORMATTED CONTENTS NOTE
Formatted contents note Series 2 - Building and specialist engineering formulae indices and 1970 series civil engineering formulae indicies : work category indices (2/1 to 2/49); labour indices (Appendix 1 to Appendix 4); scaffolding indices (Appendix 5 and Appendix 6); plant index (Appendix 7); electrical installations indices (E1 and E2); heating and ventilation and sprinkler installations indices (H1 to SP2); lift installations indices (L1 to L4); catering equipment indices (C1 to C4); structural steelwork indices (S1 and S2); civil egineering indices (1 to 11B); structural steelwork indices (12 and 13).
520 ## - SUMMARY, ETC.
Summary, etc. Price adjustment formulae calculate the increase, or decrease, in contractors' costs over any period to the nearest month using indices published in this monthly bulletin. The Bulletin contains Series 3 (1990=100) and Series 2 (1970/6=100) indices. The original Series 1 indices ceased with the December 1981 values.
650 24 - SUBJECT ADDED ENTRY--TOPICAL TERM
Topical term or geographic name entry element BAXTER INDICES
650 24 - SUBJECT ADDED ENTRY--TOPICAL TERM
Topical term or geographic name entry element DTI MONTHLY BULLETIN OF INDICES
650 24 - SUBJECT ADDED ENTRY--TOPICAL TERM
Topical term or geographic name entry element NEDO INDICES
650 24 - SUBJECT ADDED ENTRY--TOPICAL TERM
Topical term or geographic name entry element OSBORNE INDICES
651 #4 - SUBJECT ADDED ENTRY--GEOGRAPHIC NAME
Geographic name United Kingdom
Chronological subdivision
690 ## - LOCAL SUBJECT ADDED ENTRY--TOPICAL TERM (OCLC, RLIN)
Topical term or geographic name as entry element BUILT ENVIRONMENT-BUILDING COSTS
710 2# - ADDED ENTRY--CORPORATE NAME
Corporate name or jurisdiction name as entry element Office for National Statistics
9 (RLIN) 2210
942 ## - ADDED ENTRY ELEMENTS (KOHA)
Suppress in OPAC 0
Holdings
Withdrawn status Lost status Source of classification or shelving scheme Damaged status Not for loan Home library Current library Shelving location Date acquired Total Checkouts Full call number Barcode Date last seen Copy number Price effective from Koha item type
    Dewey Decimal Classification     London London Statistics 31/07/2007   STATISTICS JAN 2007 30074183 06/08/2019 1 06/08/2019 Reference material
    Dewey Decimal Classification     London London Books 18/09/2007   STATISTICS JUN 2007 136704-9002 06/08/2019 2 06/08/2019 Book
    Dewey Decimal Classification     London London Books 18/09/2007   STATISTICS JUN 2007 136704-9003 06/08/2019 3 06/08/2019 Book
    Dewey Decimal Classification     London London Books 18/09/2007   STATISTICS JUN 2007 136704-9004 06/08/2019 4 06/08/2019 Book
    Dewey Decimal Classification     London London Books 18/09/2007   STATISTICS JUL 2007 136704-10002 06/08/2019 2 06/08/2019 Book
    Dewey Decimal Classification     London London Books 18/09/2007   STATISTICS JUL 2007 136704-10003 06/08/2019 3 06/08/2019 Book
    Dewey Decimal Classification     London London Books 18/09/2007   STATISTICS JUL 2007 136704-10004 06/08/2019 4 06/08/2019 Book
    Dewey Decimal Classification     London London Books 18/09/2007   STATISTICS AUG 2007 136704-11002 06/08/2019 2 06/08/2019 Book
    Dewey Decimal Classification     London London Books 18/09/2007   STATISTICS AUG 2007 136704-11003 06/08/2019 3 06/08/2019 Book
    Dewey Decimal Classification     London London Books 18/09/2007   STATISTICS AUG 2007 136704-11004 06/08/2019 4 06/08/2019 Book